| 000 | 00437nam a22001697a 4500 | ||
|---|---|---|---|
| 005 | 20180810120508.0 | ||
| 008 | 160514b xxu||||| |||| 00| 0 eng d | ||
| 020 | _a0333-093002-9 | ||
| 041 | _aeng | ||
| 082 |
_b2162 _a658.3 |
||
| 100 |
_aBEARDWELL, IAN AND HOLDEN, LEN _94759 |
||
| 245 | _aHuman Resource Management | ||
| 260 |
_aNew Delhi _bMc Graw Hill Companies, _c1998 |
||
| 300 | _a687p, | ||
| 650 |
_aManagement _9241 |
||
| 942 | _cBK | ||
| 999 |
_c798 _d798 |
||